Biotecnología moderna y conservación de la biodiversidad /

Salvato in:
Dettagli Bibliografici
Autore principale: Díaz González, Beatriz
Natura: testo
Soggetti:
Tags: Aggiungi Tag
Nessun Tag, puoi essere il primo ad aggiungerne!!

MARC

LEADER 00000 a a2200000 04500
001 241
003
040
100 |a Díaz González, Beatriz  
245 |a Biotecnología moderna y conservación de la biodiversidad /  |c Beatriz Díaz González 
650 |a BIOTECNOLOGIA  
650 |a BIODIVERSIDAD  
650 |a CIENCIA  
650 |a PROPIEDAD INTELECTUAL  
650 |a ECONOMIA  
773 |g número 11; páginas 55-63  
999 |c 29380  |d 29380 
773 0 |0 41952  |9 3375  |d Madrid: Solidaridad para el desarrollo y la paz, SODEPAZ-SODEPAU; Asociación Andaluza por la solidaridad y la paz 1990-  |o 03619  |t Africa América Latina:  |x 11302569